A última batalha (Registo nº 2042)

Detalhes MARC
000 -Etiqueta do registo
Cabeçalho 00962nam a22003011 4500
005 - Identificador da versão
Campo de controlo 20240827113456.0
010 ## - Número internacional normalizado dos livros (ISBN)
Número (ISBN) 9726624428
021 ## - Número do Depósito Legal
Código do país PT
Número 88892/95
100 ## - Dados gerais de processamento
Dados gerais de processamento 19980930d1996 da y0pory5003 ba
101 1# - Língua de publicação
Língua do texto, banda sonora, etc. Português
Língua do documento no original Inglês
102 ## - Pais de publicação ou produção
País de publicação Portugal
105 ## - Campo de dados codificados: livros
Dados codificados dos livros a z 001ay
106 ## - Campo de dados codificados: material textual
Dados codificados do material textual r
200 1# - Titulo e menção de responsabilidade
Título próprio A última batalha
Primeira menção de responsabilidade C. S. Lewis
Outras menções de responsabilidade il. Pauline Baynes
-- trad. Ana Falcão Bastos
-- rev. texto Manuel Joaquim Vieira
205 ## - Menção da edição
Menção da edição 1ª ed.
210 ## - Publicação, Distribuição, etc. 
Lugar da edição, distribuição, etc. Lisboa
Nome do editor, distribuidor, etc. Gradiva Júnior
Data da publicação, distribuição, etc. 1996
215 ## - Descrição física 
Indicação específica da natureza do documento e extensão da espécie 176 p.
Outras indicações físicas il.
Dimensões 20 cm
225 2# - Colecção 
Título próprio da colecção As crónicas de Narnia
Indicação de volume VII
304 ## - Notas relativas a título e menção de responsabilidade 
Texto da nota Tít. orig.: The last battle
606 ## - Nome comum usado como assunto
Número de registo de entrada de autoridade 0000229
Palavra de ordem Literatura estrangeira infanto-juvenil
Subdivisão de assunto Romance de aventuras
675 ## - Classificação Decimal Universal (CDU)
Notação 82-311.3
Edição
Língua da edição por
700 #1 - Nome de autor-pessoa física (responsabilidade principal)
Número de registo de entrada de autoridade 0000762
Palavra de ordem Lewis
Outra parte do nome não tomada para palavra de ordem Clive Staples
Datas 1898-1963
702 #1 - Nome de autor-pessoa física (responsabilidade secundária)
Número de registo de entrada de autoridade 0000764
Palavra de ordem Baynes
Outra parte do nome não tomada para palavra de ordem Pauline
Código de função Ilustrador / Técnico de desenho computorizado
Número de registo de entrada de autoridade 0000765
Palavra de ordem Bastos
Outra parte do nome não tomada para palavra de ordem Ana Falcão
Código de função Tradutor
Número de registo de entrada de autoridade 0000766
Palavra de ordem Vieira
Outra parte do nome não tomada para palavra de ordem Manuel Joaquim
Código de função Revisor
942 ## - Elementos de entrada adicionados (Koha)
Tipo de item no Koha Livro
Exemplares
Situação do levantamento Origin of item (home branch) (coded) Biblioteca de empréstimo Código de barras Cota Circulation type (not for loan) Tipo de documento Nota do exemplar Damaged status
  Biblioteca Escolar da Coca Maravilhas Biblioteca Escolar da Coca Maravilhas BECM3623/98 8EST LEW   Livro Sem mensagem